000 03985cam a22005178i 4500
001 23607932
005 20250118154950.0
008 240314t20242024utu 000 1 eng
010 _a 2024008448
020 _a9781639932986
_q(trade paperback)
020 _z9781649332998
_q(ebook)
040 _aUPB/DLC
_beng
_erda
_cDLC
042 _apcc
050 0 0 _aPS3601.B76
_bH66 2024
082 0 0 _aF Abramson
_2F Abramson
084 _aFIC031060
_aFIC031090
_2bisacsh
092 _aF
100 1 _aAbramson, Traci Hunter,
_eauthor.
_977006
245 1 0 _aHometown vendetta /
_cTraci Hunter Abramson.
263 _a2410
264 1 _a[Salt Lake City] :
_bShadow Mountain Publishing,
_c[2024]
264 4 _c©2024
_a[Salt Lake City] :
_bShadow Mountain Publishing,
300 _apages cm
336 _atext
337 _aunmediated
338 _avolume
440 _aLuke Steele :
_vBook 1.
_96537473
520 _a"Amid a terrorist threat, Luke Steele faces his haunted past when the suspected bomber, linked to his hometown, forces him back. FBI Agent Amberlyn McDowell, seeking a domestic terror mastermind, goes undercover as Luke's plus-one at his high school reunion. Their complex relationship blurs as the countdown to danger accelerates, raising stakes in a race against time to avert another attack"--
520 _a"As a terrorist threat looms, Marine Captain Luke Steele and FBI Special Agent Amberlyn McDowell must work together to unravel a deadly conspiracy before time runs out while also navigating their undercover fake relationship that is becoming all too real. When a terrorist attack grips the nation, Luke Steele, a military aide to the president of the United States, is reassigned to track down the suspect because the alleged bomber was spotted wearing a state championship ring from Luke's hometown. Luke has desperately tried to forget his high school years, but he can't run from them now. Instead, he must face his most formidable assignment yet: leave his post by the president's side, return to Pine Falls, Virginia, and face every demon from his childhood--including every person and every thought that told him he wasn't worth anything. FBI Special Agent Amberlyn McDowell has spent years tracking domestic terrorism. When she catches a break that could pinpoint the key player in the antigovernment group responsible for dozens of needless deaths, she's willing to do whatever it takes to get the information she seeks--even if it means going undercover as Luke Steele's plus-one at his high school reunion. Though Amberlyn found Luke arrogant and aloof during their time together at Quantico, it doesn't take long for her to discover that there's much more to him than she realized. But even as the line between fact and fiction in their relationship blurs, the countdown to danger accelerates. Time is running out, and with the threat of another terrorist attack looming, the stakes are higher than ever. "--
610 1 0 _aUnited States.
_bFederal Bureau of Investigation
_vFiction.
_95674245
650 0 _aBombings
_vFiction.
_95723701
650 0 _aDomestic terrorism
_vFiction.
_96390782
650 0 _aIntelligence officers
_vFiction.
_95674266
650 0 _aMarines
_vFiction.
_95701883
650 0 _aMan-woman relationships
_vFiction.
_95674079
650 7 _aFICTION / Thrillers / Political
_2bisacsh
_95748714
650 7 _aFICTION / Thrillers / Terrorism
_2bisacsh
_95735143
655 7 _aThrillers (Fiction)
_2lcgft
655 7 _aRomance fiction.
_2lcgft
655 7 _aNovels.
_2lcgft
776 0 8 _iOnline version:
_aAbramson, Traci Hunter.
_tHometown vendetta
_d[Salt Lake City] : Shadow Mountain Publishing, [2024]
_z9781649332998
_w(DLC) 2024008449
800 1 _aAbramson, Traci Hunter.
_tLuke Steele novel.
_96494290
906 _a7
_bcbc
_corignew
_d1
_eecip
_f20
_gy-gencatlg
942 _2ddc
_cBOOK
999 _c400757
_d400757